The war between the united states and mexico illustrated (Record no. 8336)

MARC details
000 -CABECERA
campo de control de longitud fija 01187nam a2200313 a 4500
001 - NÚMERO DE CONTROL
campo de control BRCA_8679
005 - FECHA Y HORA DE LA ÚLTIMA TRANSACCIÓN
campo de control 20190320210351.0
008 - DATOS DE LONGITUD FIJA--INFORMACIÓN GENERAL
campo de control de longitud fija 081216s1851----u--a######---#000-0#eng-#
041 ## - CÓDIGO DE LENGUA
Código de lengua del texto/banda sonora o título independiente eng
044 ## - CÓDIGO DEL PAÍS DE LA ENTIDAD EDITORA/PRODUCTORA
Código MARC del país u
050 #4 - SIGNATURA TOPOGRÁFICA DE LA BIBLIOTECA DEL CONGRESO
Número de clasificación E404
Número de documento/Ítem .N43
-- 1851
100 1# - ENTRADA PRINCIPAL--NOMBRE DE PERSONA
Nombre de persona Nebel, Carl
9 (RLIN) 21647
245 10 - MENCIÓN DE TÍTULO
Título The war between the united states and mexico illustrated
Resto del título embracing pictorial drawings of all the principal conflicts
Mención de responsabilidad, etc. by Carl Nebel ; il. Geo Wilkins Kendall
260 ## - PUBLICACIÓN, DISTRIBUCIÓN, ETC.
Lugar de publicación, distribución, etc. New York
Nombre del editor, distribuidor, etc. D. appleton & company
Fecha de publicación, distribución, etc. 1851
300 ## - DESCRIPCIÓN FÍSICA
Extensión 52 p.
Otras características físicas lam.,col.
Dimensiones 60 cm
500 ## - NOTA GENERAL
Nota general Fondo antiguo
500 ## - NOTA GENERAL
Nota general Se encuentra en Caja Fuerte
500 ## - NOTA GENERAL
Nota general W-12/B-88/R-26
500 ## - NOTA GENERAL
Nota general Incluye prefacio
500 ## - NOTA GENERAL
Nota general Contiene 12 láminas a color y 1 mapa
500 ## - NOTA GENERAL
Nota general Texto impreso en dos columnas
500 ## - NOTA GENERAL
Nota general Nota de encuadernación: mestiza, la tapa se encuentra desprendida del lomo
506 0# - NOTA DE RESTRICCIONES AL ACCESO
Limitaciones de acceso Fondo reservado: para su consulta es necesario credencial de usuario y carta de motivos
650 14 - PUNTO DE ACCESO ADICIONAL DE MATERIA--TÉRMINO DE MATERIA
Término de materia o nombre geográfico como elemento de entrada Guerra
Término indicativo de función/relación Trabajos pictóricos
Subdivisión cronológica 1846-1848
Subdivisión geográfica México
9 (RLIN) 21648
650 14 - PUNTO DE ACCESO ADICIONAL DE MATERIA--TÉRMINO DE MATERIA
Término de materia o nombre geográfico como elemento de entrada Litografía
Término indicativo de función/relación Americana
Subdivisión cronológica Siglo XIX
9 (RLIN) 21649
700 1# - PUNTO DE ACCESO ADICIONAL--NOMBRE DE PERSONA
Nombre de persona Wilkins Kendall, Geo
Término indicativo de función/relación il.
9 (RLIN) 21650
902 ## - CATALOGADOR
Iniciales LAR
942 ## - ELEMENTOS DE PUNTO DE ACCESO ADICIONAL (KOHA)
Fuente del sistema de clasificación o colocación Library of Congress Classification
Tipo de ítem Koha Libros
Holdings
Estado de retiro Estado de pérdida Estado dañado No para préstamo Localización permanente Ubicación/localización actual Fecha de adquisición Total de préstamos Signatura topográfica completa Código de barras Fecha visto por última vez Precio válido a partir de Tipo de ítem Koha
El ejemplar forma parte de la colección y puede ser consultado según las políticas vigentes.       Biblioteca del Museo Franz Mayer (Rogerio Casas-Alatriste) Biblioteca del Museo Franz Mayer (Rogerio Casas-Alatriste) 08/12/2016   E404 .N43 1851 LAR00176 22/03/2019 22/03/2019 Libros